One Tree Hill general knowledge quiz - Statistics

General Stats
  • This quiz has been taken 324 times
  • The average score is 12 of 20
Answer Stats
Hint Answer % Correct
What is the name of Brooks clothing line? clothes over bros
91%
What was Antwon Taylor's nickname? Skills
90%
Who did Brooke predict she would marry in the future? Mouth
89%
What does Nathan give Haley the first time she tutors him? a bracelet
87%
Which fictional town was the show set? Tree Hill
87%
What is Mouths real name? Marvin
84%
What shirt number did Lucas wear? 3
81%
Who saves Peyton from Derek on prom night? Brooke
79%
Who is the hooded figure that attempted to kill Dan in the fire? Deb
78%
What is the name of the club Peyton and Karen open? Tric
76%
What is the name of Jakes baby? Jenny
61%
What is Nathans middle name? Royal
53%
What was the name of Whitey Durham's late wife? Camilla
45%
Which pro team does Nathan sign for? Charlotte Bobcats
40%
What is the name of Peyton's record label? Red Bedroom Records
38%
Where does Lucas's tattoo mean? Fun
33%
What is the name of Lucas's book one tree hill? An Unkindness of Ravens
32%
What was the radio show founded by Mouth and Jimmy called? ravenhoops.com
10%
What NBA team was going to draft Nathan Scott before his injury? Seattle Sonics
9%
What is the first song Haley wrote? Elsewhere
3%
No matching quizzes found
Score Distribution
Percent of People with Each Score
Percentile by Number Answered
Your Score History
You have not taken this quiz